| Tag |
First Indicator |
Second Indicator |
Subfields |
| LEADER |
00000cam a2200000 a 4500 |
| 001 |
in00001404524 |
| 005 |
20151020052251.0 |
| 008 |
970807s1997 fluab b f000 0 eng d |
| 010 |
|
|
|a gp 97066729
|
| 035 |
|
|
|a (OCoLC)37432117
|
| 035 |
|
|
|9 AHM3414AM
|
| 040 |
|
|
|a DGPO
|c DGPO
|d DLC
|d MvI
|d UtOrBLW
|
| 043 |
|
|
|a n-us-fl
|
| 074 |
|
|
|a 0624-B
|
| 086 |
0 |
|
|a I 19.42/4:96-4216
|
| 100 |
1 |
|
|a German, E. R.
|
| 245 |
1 |
2 |
|a A method for evaluating water-level response to hydrologic stresses in karstic wetlands in central Florida, using a simple water-balance model.
|
| 264 |
|
1 |
|a Tallahassee, Fla. :
|b U.S. Dept. of the Interior, U.S. Geological Survey ;
|c 1997.
|
| 264 |
|
2 |
|a Denver, CO :
|b Branch of Information Services [distributor],
|
| 300 |
|
|
|a iv, 52 pages :
|b illustrations, map ;
|c 28 cm.
|
| 336 |
|
|
|a text
|b txt
|2 rdacontent
|
| 337 |
|
|
|a unmediated
|b n
|2 rdamedia
|
| 338 |
|
|
|a volume
|b nc
|2 rdacarrier
|
| 490 |
1 |
|
|a Water-resources investigations report ;
|v 96-4216
|
| 500 |
|
|
|a Distributed to depository libraries without accompanying computer disk.
|
| 500 |
|
|
|a Shipping list number: 97-0286-P.
|
| 504 |
|
|
|a Includes bibliographical references (page 35).
|
| 650 |
|
0 |
|a Groundwater
|z Florida.
|
| 650 |
|
0 |
|a Hydrology, Karst
|z Florida.
|
| 650 |
|
0 |
|a Water balance (Hydrology)
|z Florida.
|
| 710 |
2 |
|
|a St. Johns River Water Management District.
|
| 710 |
1 |
|
|a Volusia County (Fla.)
|
| 710 |
2 |
|
|a Geological Survey (U.S.)
|
| 830 |
|
0 |
|a Water-resources investigations report ;
|v 96-4216.
|
| 999 |
|
|
|a MARS
|
| 999 |
f |
f |
|s fa13825d-9735-328a-b40c-87729ac3223d
|i 710a3458-9039-3226-9524-b7ef731c991b
|t 0
|
| 952 |
f |
f |
|p normal
|a Texas A&M University
|b College Station
|c Sterling C. Evans Library
|d Evans: US Documents (Annex 5th floor)
|t 0
|e I 19.42/4:96-4216
|h Superintendent of Documents classification
|i unmediated -- volume
|m A14836952321
|
| 998 |
f |
f |
|a I 19.42/4:96-4216
|t 0
|l Evans: US Documents (Annex 5th floor)
|